[Event "Open Ricany 2006"]
[Site "?"]
[Date "2006.??.??"]
[Round "4.19"]
[White "Kojetsky, Pavel"]
[Black "Buril, Petr"]
[Result "0-1"]
[WhiteElo "2168"]
[BlackElo "1976"]
[PlyCount "34"]
[EventDate "2006.??.??"]

1. e4 e6 2. d4 d5 3. exd5 exd5 4. Bd3 Bd6 5. Nf3 Nf6 6. O-O O-O 7. Bg5 Bg4 8.
Nbd2 Nbd7 9. Re1 Re8 10. c3 c6 11. Qc2 Qc7 12. Bf5 Bh5 13. Bh4 Bg6 14. Qd3 Bf4
15. Bg3 Rxe1+ 16. Rxe1 Re8 17. Nh4 Rxe1+ 0-1

[Event "Open Ricany 2006"]
[Site "?"]
[Date "2006.??.??"]
[Round "4.25"]
[White "Moravec, Vit"]
[Black "Novak, Jindrich"]
[Result "1-0"]
[WhiteElo "1619"]
[BlackElo "1966"]
[PlyCount "99"]
[EventDate "2006.??.??"]

1. e4 d6 2. d4 f5 3. exf5 Bxf5 4. Bd3 Qd7 5. Nc3 Nf6 6. Qf3 Bxd3 7. Qxd3 Nc6 8.
a3 O-O-O 9. Nge2 e5 10. d5 Ne7 11. Be3 c6 12. Bxa7 Nexd5 13. Nxd5 Nxd5 14. c4
Nc7 15. O-O d5 16. cxd5 Qxd5 17. Qf5+ Qe6 18. Qxe6+ Nxe6 19. Rfd1 Bc5 20. Bxc5
Nxc5 21. Nc3 Rhf8 22. f3 g5 23. Rxd8+ Rxd8 24. Rd1 Rd4 25. Kf2 Kc7 26. Ke3 Rxd1
27. Nxd1 b5 28. b4 Ne6 29. Ke4 Nd4 30. Kxe5 Nc2 31. Kf5 Nxa3 32. Nb2 Nc2 33.
Nd3 Kd6 34. Kxg5 Kd5 35. f4 Kd4 36. f5 Kxd3 37. f6 Nd4 38. f7 Ne6+ 39. Kf6 Nf8
40. Kg7 Nd7 41. g4 Kc4 42. g5 c5 43. bxc5 Kxc5 44. Kxh7 Kd6 45. Kg8 Ke7 46. g6
b4 47. Kh8 Ne5 48. f8=Q+ Kxf8 49. g7+ Ke7 50. g8=Q 1-0

[Event "Open Ricany 2006"]
[Site "?"]
[Date "2006.??.??"]
[Round "4.26"]
[White "Kovar, Josef"]
[Black "Pokorny, Jiri"]
[Result "0-1"]
[WhiteElo "1981"]
[BlackElo "1855"]
[PlyCount "46"]
[EventDate "2006.??.??"]

1. e4 c5 2. Nf3 d6 3. d4 cxd4 4. Nxd4 Nf6 5. Nc3 a6 6. Be3 e5 7. Nb3 Be6 8. Nd5
Nxd5 9. exd5 Bf5 10. g4 Bg6 11. Bd3 Bxd3 12. Qxd3 Be7 13. O-O-O Bg5 14. f4 exf4
15. Bd2 Nd7 16. h4 Bf6 17. Bxf4 Be5 18. Be3 O-O 19. Qf5 Rc8 20. g5 Qc7 21. Rd2
Nb6 22. Bd4 Rfe8 23. Rh3 Bf4 0-1

[Event "Open Ricany 2006"]
[Site "?"]
[Date "2006.??.??"]
[Round "4.23"]
[White "Adamik, Frantisek"]
[Black "Drahorad, Daniel"]
[Result "1-0"]
[WhiteElo "1868"]
[BlackElo "1985"]
[PlyCount "56"]
[EventDate "2006.??.??"]

1. c4 e5 2. e4 c5 3. Nc3 Nc6 4. Bd3 d6 5. Nge2 Be7 6. O-O Bg4 7. f3 Bh5 8. b3
Nf6 9. Bb2 Qd7 10. Ng3 Bg6 11. f4 exf4 12. Rxf4 Ne5 13. Bc2 h5 14. d4 cxd4 15.
Qxd4 h4 16. Nf5 Bxf5 17. exf5 h3 18. Rh4 Rxh4 19. Qxh4 hxg2 20. Qh8+ Bf8 21.
Qh3 O-O-O 22. Qxg2 Be7 23. Rd1 Neg4 24. Qf3 Rh8 25. h3 Ne5 26. Qg2 g6 27. Nd5
Nxd5 28. Rxd5 Qc7 1-0

[Event "Open Ricany 2006"]
[Site "?"]
[Date "2006.??.??"]
[Round "4.27"]
[White "Zamrazil, Jan"]
[Black "Hrubant, Ivan"]
[Result "1/2-1/2"]
[WhiteElo "1674"]
[BlackElo "2133"]
[PlyCount "60"]
[EventDate "2006.??.??"]

1. d4 d5 2. Nf3 Nf6 3. Bg5 g6 4. g3 Bg7 5. Bg2 c5 6. c3 cxd4 7. cxd4 Ne4 8. O-O
Qb6 9. Bc1 Nc6 10. e3 O-O 11. Nfd2 Nxd2 12. Nxd2 Rd8 13. b3 e5 14. Bb2 exd4 15.
exd4 Nxd4 16. Bxd4 Bxd4 17. Rc1 Bf5 18. Qf3 Qb4 19. Rfd1 Bg4 20. Qd3 Bxd1 21.
Rxd1 Qb6 22. Qf3 Rac8 23. Nf1 Rc2 24. Rd2 Rxd2 25. Nxd2 Rd6 26. Qe2 Re6 27. Qf1
Rf6 28. Nf3 Bc5 29. Qe2 Kg7 30. Qb2 Kg8 1/2-1/2

[Event "Open Ricany 2006"]
[Site "?"]
[Date "2006.??.??"]
[Round "4.28"]
[White "Plhacek, Vaclav"]
[Black "Kylar, Miroslav"]
[Result "0-1"]
[WhiteElo "1880"]
[BlackElo "2056"]
[PlyCount "75"]
[EventDate "2006.??.??"]

1. e4 c5 2. Nf3 Nc6 3. d4 cxd4 4. Nxd4 Qc7 5. Nc3 e6 6. Be3 a6 7. Qd2 Nf6 8.
Be2 Bb4 9. f3 d5 10. a3 Ba5 11. Bd3 Nxd4 12. Bxd4 e5 13. Qg5 exd4 14. Qxg7 Rg8
15. Qxf6 dxc3 16. b4 Bb6 17. O-O-O Be3+ 18. Kb1 d4 19. e5 Qe7 20. Qb6 Qxe5 21.
f4 Qe6 22. Qc5 a5 23. f5 Qe7 24. Qd5 axb4 25. Rhe1 Kf8 26. Rxe3 dxe3 27. f6
Qxf6 28. Rf1 Qe6 29. Qd8+ Qe8 30. Qd6+ Qe7 31. Qh6+ Rg7 32. Bxh7 bxa3 33. Bd3
Qb4+ 34. Kc1 a2 35. Rxf7+ Kxf7 36. Qh5+ Ke7 37. Qe5+ Kd8 38. Qf6+ 0-1

[Event "Open Ricany 2006"]
[Site "?"]
[Date "2006.??.??"]
[Round "4.17"]
[White "Koys, Milan"]
[Black "Sochorova, Jana"]
[Result "1-0"]
[WhiteElo "2103"]
[BlackElo "1761"]
[PlyCount "77"]
[EventDate "2006.??.??"]

1. e4 c6 2. d4 d5 3. exd5 cxd5 4. c3 Nc6 5. Nf3 Qc7 6. Qb3 e6 7. Bd3 Nf6 8. O-O
h6 9. Be3 Bd6 10. Nbd2 O-O 11. Rac1 a6 12. a4 Bd7 13. Bb1 Na5 14. Qc2 Nc4 15.
Nxc4 dxc4 16. Ne5 b5 17. Ng4 Ne4 18. Qxe4 f5 19. Qc2 fxg4 20. Bxh6 Bxh2+ 21.
Kh1 Rf5 22. Qe4 Raf8 23. Qxg4 Be8 24. Bxf5 Rxf5 25. Bg5 Bd6 26. f4 Qf7 27. Rce1
e5 28. Qe2 Qg6 29. fxe5 Rxg5 30. exd6 Bc6 31. Qe6+ Qxe6 32. Rxe6 Bxg2+ 33. Kh2
Bxf1 34. d7 Rd5 35. Re8+ Kf7 36. d8=Q Rxd8 37. Rxd8 bxa4 38. Rd6 a5 39. Rd5 1-0

[Event "Open Ricany 2006"]
[Site "?"]
[Date "2006.??.??"]
[Round "4.10"]
[White "Simecek, Bhumil"]
[Black "Havelka, Petr"]
[Result "1-0"]
[WhiteElo "2091"]
[BlackElo "2019"]
[PlyCount "81"]
[EventDate "2006.??.??"]

1. d4 d5 2. c4 e6 3. Nc3 Nf6 4. cxd5 exd5 5. Bg5 Be7 6. Nf3 O-O 7. e3 c6 8. Bd3
Bg4 9. Qc2 h6 10. Bh4 Nbd7 11. Nd2 Re8 12. h3 Be6 13. O-O Nf8 14. f4 Nh5 15.
Bf2 Bh4 16. Nf3 Bxf2+ 17. Qxf2 f5 18. Ne5 Nf6 19. Kh1 Ne4 20. Bxe4 dxe4 21. g4
fxg4 22. hxg4 Bd5 23. Kg2 Ne6 24. Kg3 g5 25. f5 Nf8 26. f6 Bf7 27. Qf5 Qc7 28.
Kg2 Rxe5 29. Qxe5 Qxe5 30. dxe5 Re8 31. Rad1 Rxe5 32. Rd8 Be6 33. Kg3 Kf7 34.
Rb8 b5 35. Rb7+ Kg8 36. Rg7+ Kh8 37. Rh1 Bg8 38. Rxh6+ Bh7 39. Rf7 Re8 40. Rxa7
Kg8 41. f7+ 1-0

[Event "Open Ricany 2006"]
[Site "?"]
[Date "2006.??.??"]
[Round "4.8"]
[White "Prochazka, Petr"]
[Black "Fojtu, Petr"]
[Result "0-1"]
[WhiteElo "2011"]
[BlackElo "2121"]
[PlyCount "68"]
[EventDate "2006.??.??"]

1. e4 c5 2. Nf3 d6 3. d4 cxd4 4. Nxd4 Nf6 5. Nc3 e6 6. Bc4 Be7 7. Be3 a6 8. Bb3
b5 9. Qe2 Qc7 10. f3 Nbd7 11. Bxe6 fxe6 12. Nxe6 Qc6 13. Nxg7+ Kf7 14. Nf5 Bf8
15. O-O-O Ne5 16. Kb1 Rg8 17. g4 Qc4 18. Qf2 Qb4 19. g5 Nc4 20. Bc1 Bxf5 21.
gxf6 Be6 22. Ka1 Bh6 23. f4 Rg4 24. Ne2 Rag8 25. Qa7+ Kxf6 26. Qd4+ Ke7 27. b3
Bg7 28. e5 Nxe5 29. Qxb4 Nd3+ 30. Qc3 Bxc3+ 31. Nxc3 Nf2 32. Rhe1 Nxd1 33. Nd5+
Kf7 34. Rxd1 Rg1 0-1

[Event "Open Ricany 2006"]
[Site "?"]
[Date "2006.??.??"]
[Round "4.21"]
[White "Voracek, Zdenek"]
[Black "Feierfeil, Jiri"]
[Result "0-1"]
[WhiteElo "2057"]
[BlackElo "2013"]
[PlyCount "60"]
[EventDate "2006.??.??"]

1. d4 Nf6 2. c4 g6 3. Nc3 d5 4. cxd5 Nxd5 5. e4 Nxc3 6. bxc3 Bg7 7. Bc4 O-O 8.
Ne2 c5 9. O-O cxd4 10. cxd4 e6 11. Be3 b6 12. Rc1 Bb7 13. f3 Nc6 14. Qd2 Na5
15. Bd3 Rc8 16. Rxc8 Qxc8 17. Rc1 Qd7 18. h4 h5 19. f4 f5 20. d5 fxe4 21. Bxe4
exd5 22. Bxg6 Qg4 23. Bd3 Nc4 24. Rxc4 dxc4 25. Bxc4+ Kh8 26. Nd4 Rd8 27. Bb3
Be4 28. Qf2 Bf6 29. Ne6 Rd3 30. Ng5 Rxe3 0-1

[Event "Open Ricany 2006"]
[Site "?"]
[Date "2006.??.??"]
[Round "4.5"]
[White "Koper, Stefan"]
[Black "Sodoma, Jan"]
[Result "0-1"]
[WhiteElo "2058"]
[BlackElo "2285"]
[PlyCount "106"]
[EventDate "2006.??.??"]

1. d4 d5 2. Bf4 Nf6 3. e3 g6 4. Nf3 Bg7 5. c4 c6 6. cxd5 Nxd5 7. Be5 f6 8. Bg3
Qb6 9. Qc1 O-O 10. Nc3 Nxc3 11. bxc3 Be6 12. Bd3 Qa5 13. Qb2 b6 14. Nd2 Nd7 15.
O-O Bf7 16. Nb3 Qa4 17. Bc2 Qa6 18. Be4 Bd5 19. Bc2 e5 20. Nd2 Kh8 21. Bb3 Rac8
22. c4 Bg8 23. Rac1 c5 24. d5 f5 25. Qc2 e4 26. Ba4 Ne5 27. Bh4 Qb7 28. Rb1 h6
29. f4 exf3 30. Nxf3 Ng4 31. Rfe1 Bh7 32. h3 Nf6 33. Bg3 Ne4 34. Be5 g5 35. Qb2
g4 36. Bc6 Qf7 37. Bxg7+ Qxg7 38. Qxg7+ Kxg7 39. hxg4 fxg4 40. Bd7 gxf3 41.
gxf3 Nd2 42. Bxc8 Rxc8 43. e4 Nxf3+ 44. Kf2 Nxe1 45. Rxe1 Rf8+ 46. Kg3 Kf7 47.
a4 Ke7 48. e5 Bd3 49. Rc1 Rf5 50. Rc3 Be2 51. e6 Bxc4 52. Rxc4 Rxd5 53. Rh4 h5
0-1

[Event "Open Ricany 2006"]
[Site "?"]
[Date "2006.??.??"]
[Round "4.18"]
[White "Matejovsky, Ondrej"]
[Black "Vokolek, Jaroslav"]
[Result "1-0"]
[WhiteElo "2081"]
[BlackElo "1734"]
[PlyCount "78"]
[EventDate "2006.??.??"]

1. e4 d5 2. exd5 Qxd5 3. Nf3 Nf6 4. d4 a6 5. Nc3 Qd6 6. Bd3 Bg4 7. O-O e6 8.
Ne4 Nxe4 9. Bxe4 Nc6 10. c3 Be7 11. Re1 O-O 12. Qc2 g6 13. Bh6 Rfe8 14. Nd2 Bf8
15. Nc4 Qd8 16. Bxf8 Kxf8 17. Bxc6 bxc6 18. Qd2 g5 19. Ne5 Bf5 20. Nxc6 Qf6 21.
Qe3 Qg7 22. Qe5 f6 23. Qc5+ Kg8 24. Rad1 Bc2 25. Rd2 Ba4 26. b3 Bb5 27. c4 Bxc6
28. Qxc6 Qg6 29. g3 f5 30. Rde2 Kf7 31. d5 exd5 32. Qxc7+ Kf8 33. Qc5+ Kg7 34.
Qd4+ Kh6 35. Qxd5 Rad8 36. Rxe8 Rxd5 37. cxd5 Qg7 38. d6 Qd4 39. R1e2 f4 1-0

[Event "Open Ricany 2006"]
[Site "?"]
[Date "2006.??.??"]
[Round "5.11"]
[White "Sharashenidze, Akaki"]
[Black "Prochazka, Petr"]
[Result "1-0"]
[WhiteElo "2271"]
[BlackElo "2011"]
[PlyCount "31"]
[EventDate "2006.??.??"]

1. Nf3 d5 2. g3 Nc6 3. d4 Bg4 4. Bg2 Qd7 5. O-O Bh3 6. b3 Bxg2 7. Kxg2 O-O-O 8.
Bb2 f6 9. c4 e6 10. a3 dxc4 11. bxc4 Nxd4 12. Qxd4 Qc6 13. Qxa7 g5 14. Kg1 h5
15. Nd4 Qe4 16. Nd2 1-0

[Event "Open Ricany 2006"]
[Site "?"]
[Date "2006.??.??"]
[Round "5.21"]
[White "Lavrincik, Pavel"]
[Black "Ruzicka, Vaclav"]
[Result "1/2-1/2"]
[WhiteElo "2000"]
[BlackElo "1700"]
[PlyCount "26"]
[EventDate "2006.??.??"]

1. c4 e5 2. Nc3 g6 3. e4 Bg7 4. g3 d6 5. Bg2 Ne7 6. Nge2 O-O 7. O-O Nbc6 8. h3
h6 9. d3 Kh7 10. Be3 f5 11. f4 Be6 12. b4 fxe4 13. Nxe4 Qd7 1/2-1/2

[Event "Open Ricany 2006"]
[Site "?"]
[Date "2006.??.??"]
[Round "5.5"]
[White "Fojtu, Petr"]
[Black "Fojtu, Jan"]
[Result "1/2-1/2"]
[WhiteElo "2121"]
[BlackElo "2014"]
[PlyCount "35"]
[EventDate "2006.??.??"]

1. Nf3 c5 2. g3 d6 3. Bg2 g6 4. e4 Bg7 5. O-O Nc6 6. d3 e6 7. c3 Nge7 8. Ne1
O-O 9. f4 f5 10. Nd2 b5 11. Kh1 Rb8 12. Ndf3 b4 13. c4 fxe4 14. dxe4 Ba6 15.
Nd2 d5 16. Bh3 Nd4 17. Nef3 Qb6 18. exd5 1/2-1/2

[Event "Open Ricany 2006"]
[Site "?"]
[Date "2006.??.??"]
[Round "5.24"]
[White "Novak, Jindrich"]
[Black "Kojetsky, Pavel"]
[Result "0-1"]
[WhiteElo "1966"]
[BlackElo "2168"]
[PlyCount "94"]
[EventDate "2006.??.??"]

1. d3 g6 2. h4 Nf6 3. e4 d6 4. Be2 h5 5. Bg5 Bg7 6. Qd2 Nxe4 7. dxe4 Bxb2 8. c3
Bxa1 9. Qd4 Rg8 10. Nf3 c5 11. Qd2 Nc6 12. O-O Qa5 13. e5 dxe5 14. Bc4 e4 15.
Qd5 Be6 16. Qxe4 Bxc4 17. Qxc4 O-O-O 18. Nbd2 Bxc3 19. Nb3 Qb4 20. Qxf7 c4 21.
Nc1 Kb8 22. Ne2 Bb2 23. Nf4 Rg7 24. Qe6 Rd6 25. Qe2 e5 26. Rb1 c3 27. Nxe5 Nd4
28. Qf1 c2 29. Nfd3 Ne2+ 30. Kh1 cxb1=Q 31. Qxb1 Qc3 32. Qxb2 Rxd3 33. Nxd3
Qxd3 34. Qe5+ Kc8 35. Qe8+ Kc7 36. Qe5+ Kc6 37. Qe6+ Kb5 38. a4+ Kxa4 39. Qa2+
Kb5 40. Qb2+ Kc6 41. Qf6+ Kd5 42. Qd8+ Kc4 43. Qc8+ Kb5 44. Qe8+ Rd7 45. Qe5+
Ka4 46. Qa1+ Kb3 47. Kh2 Qd1 0-1

[Event "Open Ricany 2006"]
[Site "?"]
[Date "2006.??.??"]
[Round "5.4"]
[White "Boleslav, Petr"]
[Black "Ptak, Pavel"]
[Result "1/2-1/2"]
[WhiteElo "2044"]
[BlackElo "2125"]
[PlyCount "28"]
[EventDate "2006.??.??"]

1. e4 g6 2. d4 Bg7 3. f4 d5 4. e5 c5 5. Nf3 Nc6 6. Nc3 cxd4 7. Nxd4 a6 8. Be3
Nh6 9. Qf3 Nxd4 10. Bxd4 Be6 11. Bd3 O-O 12. O-O Qd7 13. a4 f6 14. Rae1 fxe5
1/2-1/2

[Event "Open Ricany 2006"]
[Site "?"]
[Date "2006.??.??"]
[Round "5.8"]
[White "Blumel, Otto"]
[Black "Matejovsky, Ondrej"]
[Result "1-0"]
[WhiteElo "2265"]
[BlackElo "2081"]
[PlyCount "49"]
[EventDate "2006.??.??"]

1. d4 Nf6 2. Nc3 d5 3. e4 dxe4 4. f3 exf3 5. Nxf3 e6 6. Bg5 Be7 7. Qd2 O-O 8.
O-O-O Nd5 9. Nxd5 Bxg5 10. Nxg5 exd5 11. Bd3 h6 12. Nf3 b6 13. Rde1 c5 14. dxc5
bxc5 15. Re5 Be6 16. Rh5 c4 17. Bf5 Qf6 18. Nd4 Re8 19. Rf1 Bxf5 20. Rhxf5 Qa6
21. Rxf7 Qxa2 22. Rxg7+ Kxg7 23. Nf5+ Kf7 24. Qxd5+ Re6 25. Nd4+ 1-0

[Event "Open Ricany 2006"]
[Site "?"]
[Date "2006.??.??"]
[Round "5.17"]
[White "Tejkal, Jiri"]
[Black "Macku, Emil"]
[Result "1/2-1/2"]
[WhiteElo "2034"]
[BlackElo "1886"]
[PlyCount "52"]
[EventDate "2006.??.??"]

1. d4 Nf6 2. Nf3 e6 3. c4 b6 4. Nc3 Bb7 5. Qc2 d5 6. cxd5 Nxd5 7. a3 Be7 8. e4
Nxc3 9. bxc3 O-O 10. Bd3 c5 11. Qe2 Nc6 12. Bb2 Rc8 13. O-O cxd4 14. cxd4 g6
15. Rfd1 Re8 16. Bb5 Bf6 17. Qf1 Qc7 18. e5 Bg7 19. Rac1 Red8 20. Ng5 Bh6 21.
f4 Bxg5 22. fxg5 Qe7 23. Bxc6 Rxc6 24. Rxc6 Bxc6 25. Qf4 Qb7 26. Rd2 Rc8
1/2-1/2

[Event "Open Ricany 2006"]
[Site "?"]
[Date "2006.??.??"]
[Round "5.15"]
[White "Skala, Jaromir"]
[Black "Lexa, Vaclav"]
[Result "1/2-1/2"]
[WhiteElo "2079"]
[BlackElo "1927"]
[PlyCount "62"]
[EventDate "2006.??.??"]

1. d4 Nf6 2. Nf3 b6 3. e3 e6 4. Bd3 Bb7 5. Qe2 d5 6. Nbd2 Nbd7 7. O-O Bd6 8. e4
dxe4 9. Nxe4 Nxe4 10. Bxe4 Bxe4 11. Qxe4 h6 12. Re1 O-O 13. c4 c5 14. Be3 Qc7
15. Rad1 Rad8 16. b3 Nf6 17. Qh4 Qe7 18. Ne5 Nd7 19. Qxe7 Bxe7 20. Nc6 Rde8 21.
dxc5 Nxc5 22. Bxc5 Bxc5 23. Nxa7 e5 24. Rd7 f5 25. Nc6 e4 26. b4 Rf6 27. bxc5
Rxc6 28. cxb6 Rxb6 29. c5 Rc6 30. Rc1 Re5 31. g3 Rexc5 1/2-1/2

[Event "Open Ricany 2006"]
[Site "?"]
[Date "2006.??.??"]
[Round "5.26"]
[White "Boucek, Vlastimil"]
[Black "Voracek, Zdenek"]
[Result "1-0"]
[WhiteElo "2033"]
[BlackElo "2057"]
[PlyCount "69"]
[EventDate "2006.??.??"]

1. e4 Nf6 2. d3 Nc6 3. c3 d5 4. Qc2 e5 5. g3 Be7 6. f3 O-O 7. Nh3 Be6 8. Nf2
Nd7 9. Nd2 Qe8 10. a3 f5 11. Bh3 Qf7 12. Nf1 Rad8 13. Ne3 dxe4 14. fxe4 Bb3 15.
Qe2 Nc5 16. Nxf5 Nxd3+ 17. Nxd3 Bc4 18. Qg4 h5 19. Nh6+ Kh7 20. Nxf7 hxg4 21.
Nxd8 Rxd8 22. Bf1 Bxd3 23. Bxd3 Rxd3 24. Ke2 Rd6 25. b4 a6 26. Be3 Kg6 27. Rad1
Nd8 28. Bc5 Rxd1 29. Rxd1 Bf6 30. Rd7 Ne6 31. Be7 Bxe7 32. Rxe7 Kf6 33. Rd7 Kg6
34. a4 Kf6 35. a5 1-0

[Event "Open Ricany 2006"]
[Site "?"]
[Date "2006.??.??"]
[Round "5.1"]
[White "Balhar, Jan"]
[Black "Vojta, Tomas"]
[Result "0-1"]
[WhiteElo "2311"]
[BlackElo "2303"]
[PlyCount "84"]
[EventDate "2006.??.??"]

1. d4 d5 2. c4 dxc4 3. Nf3 Nf6 4. e3 Be6 5. Na3 c5 6. Bxc4 Bxc4 7. Nxc4 Nc6 8.
Qa4 Rc8 9. O-O e6 10. Rd1 Qc7 11. b3 a6 12. dxc5 Bxc5 13. Ba3 b5 14. Qxa6 b4
15. Bb2 O-O 16. Nce5 Nxe5 17. Nxe5 Ra8 18. Qc4 Qb6 19. Nd7 Nxd7 20. Rxd7 Bxe3
21. fxe3 Qxe3+ 22. Kf1 Ra5 23. Qe2 Rf5+ 24. Ke1 Qg1+ 25. Kd2 Qxh2 26. Rf1 Qh6+
27. Kd1 Rxf1+ 28. Qxf1 Qg6 29. Qd3 Qxg2 30. Rd8 Qg1+ 31. Kc2 Qc5+ 32. Kb1 h5
33. Rxf8+ Qxf8 34. Qf3 Qc5 35. Qa8+ Kh7 36. Qe4+ Qf5 37. Qxf5+ exf5 38. a4 bxa3
39. Be5 g5 40. b4 f4 41. b5 f3 42. Bg3 h4 0-1

[Event "Open Ricany 2006"]
[Site "?"]
[Date "2006.??.??"]
[Round "5.20"]
[White "Pechacek, Stanislav"]
[Black "Maly, Filip"]
[Result "1-0"]
[WhiteElo "2142"]
[BlackElo "1987"]
[PlyCount "71"]
[EventDate "2006.??.??"]

1. Nf3 Nf6 2. c4 g6 3. Nc3 Bg7 4. e4 d6 5. d4 O-O 6. Be2 e5 7. O-O Nc6 8. d5
Ne7 9. b4 Nd7 10. a4 f5 11. Ng5 Nf6 12. Bf3 fxe4 13. Ncxe4 Nxe4 14. Bxe4 Nf5
15. c5 Bf6 16. Ne6 Bxe6 17. dxe6 dxc5 18. Qg4 Bg7 19. Rd1 Nd4 20. bxc5 Re8 21.
Be3 c6 22. Rab1 Rb8 23. f4 Qe7 24. Bxd4 exd4 25. f5 Qxc5 26. fxg6 h6 27. Qf3
Rf8 28. Qb3 Kh8 29. Qb4 Qe5 30. Re1 Qxe6 31. Bd3 Qf6 32. Rf1 Qg5 33. Kh1 b6 34.
Rf7 Rxf7 35. gxf7 Be5 36. f8=Q+ 1-0

[Event "Open Ricany 2006"]
[Site "?"]
[Date "2006.??.??"]
[Round "5.16"]
[White "Pokorny, Jiri"]
[Black "Koper , Stefan"]
[Result "0-1"]
[WhiteElo "1855"]
[BlackElo "2058"]
[PlyCount "94"]
[EventDate "2006.??.??"]

1. e4 g6 2. d4 Bg7 3. Nc3 Nc6 4. Be3 e5 5. Nf3 d6 6. Bb5 Bd7 7. O-O Nge7 8. Qd2
O-O 9. Rad1 Bg4 10. Ne2 Bxf3 11. gxf3 exd4 12. Nxd4 Ne5 13. Be2 Qc8 14. Kh1 d5
15. Rg1 c5 16. Nb3 d4 17. Bg5 f6 18. Bh4 Qc6 19. Na5 Qc7 20. f4 Bh6 21. Bg3 b6
22. Nc4 b5 23. Nxe5 fxe5 24. Bxb5 Bxf4 25. Qd3 Kg7 26. Bc4 h6 27. h4 Qb6 28.
Bb3 a5 29. a3 Rab8 30. Qc4 Qc6 31. f3 Rf6 32. Rde1 Rbf8 33. Ref1 g5 34. Bxf4
Rxf4 35. hxg5 Rh4+ 36. Kg2 hxg5 37. Kf2 Qh6 38. Ke1 Rh2 39. Rg4 Rh4 40. Rxh4
gxh4 41. Rg1+ Ng6 42. Qxc5 Qf4 43. Qc7+ Kh6 44. Rxg6+ Kxg6 45. Qc6+ Qf6 46. Qc4
Kh6 47. Kd2 47... Qg5+ {dale necitelne} 0-1

[Event "Open Ricany 2006"]
[Site "?"]
[Date "2006.??.??"]
[Round "5.2"]
[White "Vojta, Pavel"]
[Black "Srba, Milan"]
[Result "1-0"]
[WhiteElo "2136"]
[BlackElo "2203"]
[PlyCount "117"]
[EventDate "2006.??.??"]

1. Nf3 Nf6 2. g3 d5 3. Bg2 c5 4. c3 Bf5 5. O-O Nc6 6. d4 Qb6 7. dxc5 Qxc5 8.
Be3 Qb5 9. Qb3 Qxb3 10. axb3 a6 11. b4 Rc8 12. Nd4 Bd7 13. Nxc6 Bxc6 14. Nd2 e6
15. Nb3 Bd6 16. Rfd1 Ke7 17. Bc5 Rhd8 18. h3 Bxc5 19. Nxc5 h5 20. e3 g5 21. f3
h4 22. g4 Ne8 23. Bf1 Nd6 24. Kf2 f5 25. gxf5 Nxf5 26. b3 Rf8 27. c4 Nd6 28.
cxd5 Bxd5 29. Bg2 b6 30. e4 Ba8 31. Rxa6 Rfd8 32. Ra7+ Ke8 33. Nd3 Rc2+ 34. Kg1
Nb5 35. Rh7 Rd4 36. Ra1 Bc6 37. Ne5 Rdd2 38. Bf1 Nd4 39. Raa7 Bd7 40. Ra8+ Bc8
41. Rxc8+ Rxc8 42. Rh8+ Ke7 43. Rxc8 Kf6 44. Ng4+ Kg6 45. Rc3 Rd1 46. Re3 Rb1
47. Ne5+ Kh5 48. Kf2 Nxb3 49. Nd3 Nd4 50. Re1 Rb3 51. Rc1 Ra3 52. Ke3 e5 53.
Be2 Ne6 54. f4+ Kh6 55. Rc6 gxf4+ 56. Kf2 f3 57. Kxf3 b5 58. Rxe6+ Kg5 59.
Rxe5+ 1-0

[Event "Open Ricany 2006"]
[Site "?"]
[Date "2006.??.??"]
[Round "5.3"]
[White "Sodoma, Jan"]
[Black "Simecek, Bohumil"]
[Result "1/2-1/2"]
[WhiteElo "2285"]
[BlackElo "2091"]
[PlyCount "139"]
[EventDate "2006.??.??"]

1. d4 d5 2. c4 c6 3. Nc3 Nf6 4. Nf3 a6 5. e3 Bf5 6. Be2 e6 7. O-O Nbd7 8. b3
Bd6 9. Bb2 O-O 10. Nh4 Bg6 11. Nxg6 hxg6 12. Qc2 Qe7 13. Rad1 Rad8 14. e4 dxe4
15. Nxe4 Nxe4 16. Qxe4 Nf6 17. Qe3 Rd7 18. Rd3 Rfd8 19. Rfd1 Nh7 20. g3 Qg5 21.
f4 Qa5 22. a3 g5 23. fxg5 Qxg5 24. Qf2 Nf6 25. Bf3 Bb8 26. Qe2 Qg6 27. R3d2 Bf4
28. Rd3 Bb8 29. Bg2 Ba7 30. Kh1 Qg4 31. Bf3 Qg6 32. R3d2 Qf5 33. Bc3 Qg5 34. b4
Qf5 35. a4 Qg5 36. a5 Qf5 37. Kg2 Qg5 38. Be4 Qg4 39. Qxg4 Nxg4 40. Kf3 Nf6 41.
h4 Nxe4 42. Kxe4 f6 43. h5 Kf7 44. g4 Bb8 45. d5 cxd5+ 46. cxd5 exd5+ 47. Rxd5
Rxd5 48. Rxd5 Rxd5 49. Kxd5 Bc7 50. Bd4 Ke7 51. Bc5+ Kf7 52. Bd6 Bd8 53. Bb8
Ke7 54. Bf4 Kd7 55. Bd6 Be7 56. Bxe7 Kxe7 57. Kc5 Kd7 58. Kd5 Ke7 59. Kc5 Kd7
60. Kb6 Kc8 61. b5 axb5 62. Kxb5 Kd7 63. Kc5 Kc7 64. Kd5 Kd7 65. Ke4 Ke6 66.
Kf4 Ke7 67. Kf5 Kf7 68. g5 fxg5 69. Kxg5 Ke7 70. Kg6 1/2-1/2

[Event "Open Ricany 2006"]
[Site "?"]
[Date "2006.??.??"]
[Round "5.7"]
[White "Mazoch, Jiri"]
[Black "Skacel, Jan"]
[Result "1-0"]
[WhiteElo "2090"]
[BlackElo "2109"]
[PlyCount "117"]
[EventDate "2006.??.??"]

1. d4 Nf6 2. c4 g6 3. Nc3 Bg7 4. e4 d6 5. h3 O-O 6. Bg5 c5 7. d5 b5 8. cxb5 a6
9. a4 Nbd7 10. Nf3 Qa5 11. Bd2 Qb4 12. Qc2 axb5 13. Bxb5 Nb6 14. O-O Nfd7 15.
Nd1 Qxb5 16. axb5 Rxa1 17. Ne3 Rxf1+ 18. Kxf1 Bb7 19. Bc3 Bxc3 20. Qxc3 f6 21.
Nd2 Ra8 22. f4 Ra4 23. b3 Rb4 24. Nc2 Rxb5 25. Qa1 Nb8 26. Qa7 N6d7 27. Na3 Rb4
28. Qa5 f5 29. Qd8+ Kf7 30. Nc2 Rb6 31. Qh8 Nf8 32. exf5 Bxd5 33. Ne3 Bxb3 34.
Ne4 Nbd7 35. Ng5+ Ke8 36. Nxh7 gxf5 37. Nxf8 Nxf8 38. Qh5+ Bf7 39. Qxf5 e6 40.
Qd3 d5 41. Qa3 Nd7 42. g3 c4 43. f5 Rb3 44. Qa8+ Ke7 45. Kf2 Nf6 46. Qa7+ Kf8
47. fxe6 Bxe6 48. h4 Ne4+ 49. Kf3 c3 50. Kf4 c2 51. Nxc2 Rxg3 52. Nd4 Bf7 53.
Nf5 Rg1 54. Qa8+ Be8 55. Qxd5 Rg4+ 56. Kf3 Bh5 57. Ke3 Nf6 58. Qd8+ Ne8 59.
Qe7+ 1-0

[Event "Open Ricany 2006"]
[Site "?"]
[Date "2006.??.??"]
[Round "5.19"]
[White "Feierfeil, Jiri"]
[Black "Moravec, Vit"]
[Result "0-1"]
[WhiteElo "2013"]
[BlackElo "1619"]
[PlyCount "156"]
[EventDate "2006.??.??"]

1. d4 f5 2. c4 e6 3. g3 Nf6 4. Bg2 d5 5. cxd5 exd5 6. a3 Bd6 7. Nf3 O-O 8. Nc3
c6 9. O-O Nbd7 10. e3 Ne4 11. Nd2 Nb6 12. f4 Qe8 13. Nf3 Be6 14. Ne5 Bf7 15.
Bf3 Nd7 16. Nxe4 fxe4 17. Nxf7 Qxf7 18. Bh5 Qe7 19. b4 a6 20. Bd2 Nf6 21. Be2
Ne8 22. Qb3 Nc7 23. a4 Qd7 24. Kg2 Ra7 25. Rab1 Rb8 26. Rfc1 Be7 27. h3 Raa8
28. Bg4 Qe8 29. Rb2 Bd6 30. Rcb1 Qe7 31. h4 Qd8 32. Be1 Be7 33. Bf5 Kh8 34. Qc2
Ne8 35. Bg4 Nd6 36. Rb3 Nc4 37. Be2 Nd6 38. Bf2 Qd7 39. Qd1 Qd8 40. Qe1 Qe8 41.
g4 b5 42. a5 Nc4 43. Bg3 Qd7 44. Qc3 Rf8 45. Rf1 Bd6 46. Qe1 Rae8 47. f5 Bxg3
48. Kxg3 Qd6+ 49. Rf4 Rf7 50. Kh3 Nxe3 51. Qg3 Nc4 52. Rb1 Ref8 53. Qf2 Qd7 54.
Bxc4 bxc4 55. Qe3 Qd6 56. Rf2 Qd7 57. h5 Rb8 58. h6 Qd6 59. hxg7+ Rxg7 60. f6
Rg6 61. g5 Rf8 62. Rf5 Qe6 63. Rbf1 h6 64. Kh2 hxg5 65. Qh3+ Kg8 66. f7+ Kg7
67. Qh5 Rh6 68. Rxg5+ Kh7 69. Rfg1 Rxf7 70. Kh1 Rxh5+ 71. Rxh5+ Qh6 72. Rxh6+
Kxh6 73. Rg8 c3 74. Rg2 Rf1+ 75. Kh2 Rd1 76. Rg3 Rd2+ 77. Kh3 c2 78. Rc3 Rd3+
0-1

[Event "Open Ricany 2006"]
[Site "?"]
[Date "2006.??.??"]
[Round "?.9"]
[White "Buril, Petr"]
[Black "Lizner, Milan"]
[Result "1/2-1/2"]
[WhiteElo "1976"]
[BlackElo "2125"]
[PlyCount "25"]
[EventDate "2006.??.??"]

1. f4 d5 2. Nf3 Nf6 3. e3 e6 4. b3 Be7 5. Bb2 c5 6. Bb5+ Bd7 7. Qe2 O-O 8. O-O
a6 9. Bxd7 Nbxd7 10. d3 b5 11. Nbd2 Qb6 12. Ne5 Nxe5 13. Bxe5 1/2-1/2

[Event "Open Ricany 2006"]
[Site "?"]
[Date "2006.??.??"]
[Round "5.22"]
[White "Nepustil, Frantisek"]
[Black "Sochorova, Jana"]
[Result "0-1"]
[WhiteElo "1995"]
[BlackElo "1761"]
[PlyCount "66"]
[EventDate "2006.??.??"]

1. e4 d5 2. d4 dxe4 3. Nc3 Nf6 4. f3 exf3 5. Nxf3 Bg4 6. h3 Bxf3 7. Qxf3 c6 8.
Qf2 e6 9. Bd3 Nbd7 10. O-O Be7 11. Ne4 O-O 12. Ng5 c5 13. c3 cxd4 14. cxd4 Qb6
15. b3 e5 16. Bb2 exd4 17. Rae1 Rfe8 18. Rxe7 Rxe7 19. Bxd4 Qa5 20. Nxh7 Rae8
21. Qh4 Re1 22. Nxf6+ Nxf6 23. Bxf6 Rxf1+ 24. Kxf1 gxf6 25. Qh7+ Kf8 26. Qh6+
Ke7 27. Qc1 Kd8 28. Be2 Qf5+ 29. Bf3 Qd3+ 30. Kf2 b6 31. Qf4 Qc2+ 32. Kf1 Qb1+
33. Kf2 Qe1# 0-1